Телевизионная журналистика: учебник

Библиографические подробности
Другие авторы: Кузнецов Г. В. (редактор), Цвик В. Л., Юровский А. Я.
Язык:русский
Опубликовано: Москва, Изд-во Моск. ун-та, 1998
Издание:2-е изд., перераб. и доп.
Предметы:
Формат: Книга
Запись в KOHA:https://koha.lib.tpu.ru/cgi-bin/koha/opac-detail.pl?biblionumber=11927

MARC

LEADER 00000nam0a2200000 4500
001 11927
005 20231101204811.0
010 |a 5211040074 
035 |a (RuTPU)RU\TPU\book\12001 
035 |a BOOK00012067 
090 |a 11927 
100 |a 20011209d1998 m y0rusy50 ca 
101 0 |a rus 
102 |a RU 
105 |a y j 000zy 
200 1 |a Телевизионная журналистика  |e учебник  |f Под ред. Г. В. Кузнецова, В. Л. Цвик, А. Я. Юровского 
205 |a 2-е изд., перераб. и доп. 
210 |a Москва  |c Изд-во Моск. ун-та  |d 1998 
215 |a 288 с. 
451 1 |0 (RuTPU)RU\TPU\book\91368  |y 5-211-04837-7  |t Телевизионная журналистика  |o учебник для вузов по направлению и специальности <Журналистика>  |f В. А. Садовничий, Г. В. Кузнецов, А. Я. Юровский и др.]  |g Московский государственный университет им. М. В. Ломоносова; под ред. Г.В. Кузнецова  |e 5-е изд., перераб. и доп.  |c М.  |n Изд-во Моск. ун-та  |n Наука  |d 2005  |p 366, [1] с.  |s Классический университетский учебник 
451 |y 5-02-033905-9 
606 1 |a Телевизионная журналистика  |2 stltpush  |3 (RuTPU)RU\TPU\subj\38042  |9 58759 
610 1 |a журналистика 
610 1 |a СМИ 
610 1 |a средства массовой информации 
610 1 |a учебные планы 
686 |a Ч612.18я73  |v LBC/SL-A  |2 rubbk 
702 1 |a Кузнецов  |b Г. В.  |4 340 
702 1 |a Цвик  |b В. Л.  |4 340 
702 1 |a Юровский  |b А. Я.  |4 340 
801 0 |a RU  |b 63413507  |c 20011209  |g PSBO 
801 2 |a RU  |b 63413507  |c 20170602  |g PSBO 
900 |a Основы журналистики 
900 |a Теория и методика журналистского творчества 
900 |a Современная журналистика России 
900 |a Профессиональная этика 
900 |a История зарубежных средств массовой информации 
900 |a Теория и практика массовой информации 
942 |c BK